000 00554cam a22002291 4500
001 sa 63000751
003 DLC
005 20260227111923.0
008 940722s1962 ii 000 1 gujo
010 _asa 63000751
025 _aPL480:I-Gu-91
035 _a(OCoLC)30821419
040 _aDLC
_cCU
_dCU
_dDLC
042 _apremarc
050 0 0 _aPK1859.S4
_bU7
100 1 _aSelarka, Chandulal,
_d1931-
245 1 0 _aUra udāsī manaduṃ pyāsī.
260 _c[1962]
300 _a158 p.
_c19 cm.
500 _aIn Gujarati.
500 _aA novel.
999 _c53608
_d53608